DIVERSITY IN COACHING WORKING WITH GENDE (Record no. 15416)
[ view plain ]
| 000 -LEADER | |
|---|---|
| fixed length control field | 00334nam a2200133Ia 4500 |
| 008 - FIXED-LENGTH DATA ELEMENTS--GENERAL INFORMATION | |
| fixed length control field | 240624s9999 xx 000 0 und d |
| 041 ## - LANGUAGE CODE | |
| Language code of text/sound track or separate title | eng |
| 082 ## - DEWEY DECIMAL CLASSIFICATION NUMBER | |
| Classification number | 658.3 PAS |
| 100 ## - MAIN ENTRY--PERSONAL NAME | |
| Personal name | PASSMORE JONATHAN |
| 245 ## - TITLE STATEMENT | |
| Title | DIVERSITY IN COACHING WORKING WITH GENDE |
| 260 ## - PUBLICATION, DISTRIBUTION, ETC. | |
| Date of publication, distribution, etc. | 2009 |
| Place of publication, distribution, etc. | London |
| Name of publisher, distributor, etc. | Kogan Page |
| 300 ## - PHYSICAL DESCRIPTION | |
| Extent | 287 : p. |
| 365 ## - TRADE PRICE | |
| Currency code | RS |
| Price amount | 27 |
| Withdrawn status | Lost status | Damaged status | Not for loan | Home library | Current library | Shelving location | Date acquired | Source of acquisition | Cost, normal purchase price | Full call number | Barcode | Date last seen | Copy number | Price effective from | Koha item type |
|---|---|---|---|---|---|---|---|---|---|---|---|---|---|---|---|
| IMTN | IMTN | Rack 23-B | 08/26/2010 | BWE | 395.00 | 658.3 PAS | 15416 | 06/24/2024 | 1 | 06/24/2024 | Books |